Catáleg dels manuscrits de la Biblioteca del Monestir de Montserrat / (Record no. 111317)

MARC details
000 -LEADER
campo de control de longitud fija 00819nam a2200229 i 4500
001 - NÚMERO DE CONTROL
campo de control 111317
003 - IDENTIFICADOR DE NÚMERO DE CONTROL
campo de control ES-MaACL
005 - FECHA Y HORA DE LA ÚLTIMA TRANSACCIÓN
campo de control 20230906185300.0
007 - CAMPO FIJO DE DESCRIPCIÓN FÍSICA--INFORMACIÓN GENERAL
campo de control de longitud fija t|
008 - DATOS DE LONGITUD FIJA--INFORMACIÓN GENERAL
campo de control de longitud fija 061121s1977 sp r ||||1| cat d
100 1# - ENTRADA PRINCIPAL--NOMBRE DE PERSONA
Nombre de persona Olivar, Alexandre.
9 (RLIN) 86753
245 10 - MENCIÓN DEL TÍTULO
Título Catáleg dels manuscrits de la Biblioteca del Monestir de Montserrat /
Mención de responsabilidad, etc. Alexandre Olivar.
260 ## - PUBLICACIÓN, DISTRIBUCIÓN, ETC.
Lugar de publicación, distribución, etc. Montserrat (Barcelona) :
Nombre del editor, distribuidor, etc. Monestir,
Fecha de publicación, distribución, etc. 1977.
300 ## - DESCRIPCIÓN FÍSICA
Extensión XXIV, 562 p. ;
Dimensiones 25 cm.
490 1# - MENCIÓN DE SERIE
Mención de serie Scripta et documenta ;
Designación de volumen o secuencia 25
610 24 - PUNTO DE ACCESO ADICIONAL DE MATERIA--NOMBRE DE ENTIDAD CORPORATIVA
Nombre de entidad corporativa o nombre de jurisdicción como elemento de entrada Abadía de Montserrat.
Unidad subordinada Biblioteca-
Subdivisión de forma Catálogos.
9 (RLIN) 166083
650 #4 - PUNTO DE ACCESO ADICIONAL DE MATERIA--TÉRMINO DE MATERIA
Término de materia o nombre geográfico como elemento de entrada Manuscritos-
Subdivisión geográfica Abadía de Montserrat. Biblioteca-
Subdivisión de forma Catálogos.
9 (RLIN) 166084
710 2# - ENTRADA AGREGADA--NOMBRE DE ENTIDAD CORPORATIVA
Nombre de entidad corporativa o nombre de jurisdicción como elemento de entrada Abadía de Montserrat.
9 (RLIN) 1133
830 0# - PUNTO DE ACCESO ADICIONAL DE SERIE-TÍTULO UNIFORME
Título uniforme Scripta et documenta ;
Designación de volumen o secuencia 25
9 (RLIN) 185681
852 ## - LOCALIZACIÓN
Ubicación ES-MaACL
Número de control de estantería A-7308
Sublocalización o colección R.96607
Holdings
Estatus retirado Estado de pérdida Estado de daño No para préstamo Biblioteca de origen Biblioteca actual Ubicación en estantería Fecha de adquisición Fuente de adquisición Total de préstamos Signatura topográfica completa Código de barras Visto por última vez Precio de reemplazo Tipo de ítem Koha
        Biblioteca del Ateneo de Madrid Biblioteca del Ateneo de Madrid Sala Pecera Planta 1 17/01/2008     A-7308 1116136 23/02/2023 23/02/2023 Libro impreso